[Event "C.to Provinciale FM"]
[Site "Porto Sant'Elpidio ITA"]
[Date "2010.01.31"]
[Round "6"]
[White "Mantovani, Sofia"]
[Black "Copponi, Alice"]
[Result "0-1"]
[WhiteElo "1359"]
[BlackElo "1296"]
[PlyCount "48"]
[EventDate "2010.01.23"]

1. d4 d5 2. Nf3 Nf6 3. Bf4 Bg4 4. e3 Nc6 5. Be2 e6 6. O-O Bd6 7. Bxd6 Qxd6 8.
Nc3 Ne4 9. Qe1 Nb4 10. Qd1 c6 11. Ne5 Bxe2 12. Qxe2 c5 13. Qh5 g6 14. Qf3 Qe7
15. dxc5 Nd2 16. Qf4 Nxc2 17. Rac1 Nxf1 18. Rxc2 d4 19. Ne4 f6 20. Nxf6+ Kd8
21. c6 Qb4 22. Nf7+ Ke7 23. Nxh8 Qe1 24. g3 Nxe3# 0-1

[Event "C.to Provinciale FM"]
[Site "Porto Sant'Elpidio ITA"]
[Date "2010.01.31"]
[Round "6"]
[White "Mircoli, Filippo"]
[Black "Fornelli, Marco"]
[Result "1-0"]
[WhiteElo "1729"]
[BlackElo "1371"]
[PlyCount "51"]
[EventDate "2010.01.23"]

1. e4 c5 2. Nf3 d6 3. d4 cxd4 4. Nxd4 Nf6 5. Nc3 a6 6. f4 Nc6 7. Be3 e6 8. Be2
Be7 9. O-O O-O 10. Qe1 Bd7 11. Rd1 Rc8 12. Bf3 Ne8 13. Nce2 Nc7 14. Nxc6 Bxc6
15. Nd4 Bd7 16. f5 e5 17. Ne2 Bc6 18. Nc3 Re8 19. Qg3 Bh4 20. Qg4 f6 21. Qxh4
Re7 22. Bb6 Qd7 23. Be2 Nb5 24. Bc4+ d5 25. Nxd5 Bxd5 26. Bxd5+ 1-0

[Event "C.to Provinciale FM"]
[Site "Porto Sant'Elpidio ITA"]
[Date "2010.01.31"]
[Round "6"]
[White "Mondaini, Roberto"]
[Black "Tittarelli, Edith"]
[Result "1-0"]
[WhiteElo "1521"]
[BlackElo "1604"]
[PlyCount "69"]
[EventDate "2010.01.23"]

1. d4 d5 2. Nf3 Nf6 3. e3 Bf5 4. Bd3 Bxd3 5. Qxd3 e6 6. Qb5+ Nbd7 7. Qxb7 Bd6
8. Qa6 O-O 9. Qd3 c5 10. c3 c4 11. Qc2 Rb8 12. O-O Qb6 13. Nbd2 Rb7 14. e4 dxe4
15. Nxe4 Nxe4 16. Qxe4 Nf6 17. Qc2 Rfb8 18. Re1 Qc7 19. Ne5 Rb5 20. f4 Nd5 21.
g3 Ne7 22. Rb1 Qb7 23. Nxc4 Qd5 24. Nxd6 Qxd6 25. Re5 Nd5 26. Qe4 Nxc3 27. Qd3
Nd5 28. b3 f6 29. Re2 Nb4 30. Qc4 Nd5 31. Bb2 Rb4 32. Ba3 Rxc4 33. Bxd6 Rcc8
34. Bxb8 Nc3 35. Rc2 1-0

[Event "C.to Provinciale FM"]
[Site "Porto Sant'Elpidio ITA"]
[Date "2010.01.31"]
[Round "6"]
[White "Rago, Riccardo"]
[Black "Perogio, Lorenzo"]
[Result "1-0"]
[WhiteElo "2105"]
[BlackElo "1871"]
[PlyCount "71"]
[EventDate "2010.01.23"]

1. e4 e5 2. Nf3 Nc6 3. Bc4 Nf6 4. d3 Be7 5. O-O O-O 6. Nc3 d6 7. h3 Nb8 8. Ne2
Kh8 9. Ng3 Ng8 10. c3 f5 11. exf5 Bxf5 12. Bxg8 Kxg8 13. Qb3+ Kh8 14. Nxf5 Rxf5
15. Qxb7 Nd7 16. Qe4 Qf8 17. d4 Re8 18. Be3 Bd8 19. dxe5 Rxf3 20. Qxf3 Qxf3 21.
gxf3 Nxe5 22. f4 Nc4 23. b3 Na3 24. Rac1 Bf6 25. Rfe1 Nb5 26. Bd4 Rg8 27. Bxf6
gxf6+ 28. Kf1 d5 29. c4 dxc4 30. Rxc4 f5 31. a4 Nd6 32. Rxc7 Ne4 33. Re3 a5 34.
Rd3 Nf6 35. Rf7 Nh5 36. Rxf5 1-0

[Event "C.to Provinciale FM"]
[Site "Porto Sant'Elpidio ITA"]
[Date "2010.01.31"]
[Round "6"]
[White "Silvestri, Giorgio"]
[Black "Vesce, Emanuele"]
[Result "1/2-1/2"]
[WhiteElo "1808"]
[BlackElo "1705"]
[PlyCount "29"]
[EventDate "2010.01.23"]

1. d4 Nf6 2. c4 g6 3. Nc3 d5 4. e3 Bg7 5. Nf3 O-O 6. Be2 dxc4 7. Bxc4 c5 8. O-O
Bg4 9. Qb3 Bxf3 10. gxf3 Qc8 11. Nd5 Nc6 12. dxc5 Nd7 13. Be2 e6 14. Nf4 Nxc5
15. Qa3 1/2-1/2

[Event "C.to Provinciale FM"]
[Site "Porto Sant'Elpidio ITA"]
[Date "2010.01.31"]
[Round "6"]
[White "Spano' Cuomo, Gaetano"]
[Black "Giobbi, Costantino"]
[Result "0-1"]
[WhiteElo "1819"]
[BlackElo "1913"]
[PlyCount "90"]
[EventDate "2010.01.23"]

1. d4 e6 2. c4 Nf6 3. Nf3 b6 4. Nc3 Bb4 5. a3 Bxc3+ 6. bxc3 d6 7. Bg5 h6 8. Bh4
Bb7 9. e3 O-O 10. Bd3 Nbd7 11. Qc2 Qe7 12. e4 e5 13. d5 Rfe8 14. Nd2 Nf8 15. f3
Ng6 16. Bf2 Bc8 17. g3 Nh7 18. Be3 Bd7 19. h4 Qd8 20. Kf2 Rf8 21. h5 Ne7 22. g4
Ng5 23. Bxg5 hxg5 24. Nf1 f6 25. Ne3 Kf7 26. a4 a5 27. Qa2 Ng8 28. Bc2 Nh6 29.
Bb3 Qc8 30. Kg3 Ke7 31. Rh2 Rf7 32. c5 bxc5 33. Bc4 Qe8 34. Rb2 Rb8 35. Bb5 Rf8
36. Rab1 Bxb5 37. Rxb5 Rxb5 38. Rxb5 Qd7 39. Qb3 Kf7 40. Rxa5 g6 41. hxg6+ Kxg6
42. Qb7 Qh7 43. Nf5 Rh8 44. Ra8 Ng8 45. Qb2 Qh3+ 0-1

[Event "C.to Provinciale FM"]
[Site "Porto Sant'Elpidio ITA"]
[Date "2010.01.31"]
[Round "6"]
[White "Tittarelli, Adriano"]
[Black "Santinelli, Michele"]
[Result "0-1"]
[WhiteElo "1865"]
[BlackElo "1758"]
[PlyCount "108"]
[EventDate "2010.01.23"]

1. d4 d5 2. Bf4 Nf6 3. Nd2 Bf5 4. e3 e6 5. Rc1 Bd6 6. Bxd6 Qxd6 7. f4 Nbd7 8.
Ngf3 c5 9. c3 Qb6 10. Qb3 c4 11. Qxb6 Nxb6 12. h3 h6 13. Ne5 Ne4 14. g4 Bh7 15.
Rg1 f6 16. Nef3 Ke7 17. Nxe4 Bxe4 18. Nd2 Bh7 19. Be2 Rac8 20. Bd1 Nd7 21. Bc2
Bxc2 22. Rxc2 b5 23. a3 a5 24. e4 Kd6 25. e5+ fxe5 26. fxe5+ Ke7 27. Nf3 g5 28.
Rf2 Rcf8 29. h4 Rhg8 30. Ke2 Nb6 31. hxg5 hxg5 32. Rh1 Rg7 33. Rh5 Na4 34. Ke3
Rf4 35. Rxg5 Rxf3+ 36. Kxf3 Rxg5 37. Kg3 Rg7 38. Kh4 Rf7 39. Rg2 Kf8 40. g5 Kg7
41. Kh5 Rf5 42. Re2 Rf1 43. Rg2 Rh1+ 44. Kg4 Rb1 45. Rf2 Rxb2 46. Rf6 Nxc3 47.
Rxe6 b4 48. axb4 axb4 49. Rd6 Rg2+ 50. Kh5 Rxg5+ 51. Kxg5 Ne4+ 52. Kf5 Nxd6+
53. exd6 Kf7 54. Ke5 c3 0-1

[Event "C.to Provinciale FM"]
[Site "Porto Sant'Elpidio ITA"]
[Date "2010.01.31"]
[Round "6"]
[White "Tittarelli, Elena"]
[Black "Riano', Mirko Alessio"]
[Result "0-1"]
[WhiteElo "1365"]
[BlackElo "1440"]
[PlyCount "88"]
[EventDate "2010.01.23"]

1. d4 Nf6 2. Nf3 g6 3. Bf4 Bg7 4. Nc3 d6 5. e4 O-O 6. Bd3 Bg4 7. O-O Nbd7 8. h3
Bxf3 9. Qxf3 Nh5 10. Bh2 Bxd4 11. Bc4 Ne5 12. Bxe5 Bxe5 13. Bd5 c6 14. Bc4 Qb6
15. b3 Qa5 16. Rad1 Qxc3 17. Qxc3 Bxc3 18. Rd3 Ba5 19. Rfd1 Rad8 20. a4 Nf6 21.
f3 a6 22. b4 Bb6+ 23. Kh1 d5 24. exd5 Nxd5 25. Bxd5 Rxd5 26. Rxd5 cxd5 27. Rxd5
Rd8 28. Rxd8+ Bxd8 29. Kg1 f5 30. Kf2 Kf7 31. Ke3 Ke6 32. c4 Ke5 33. f4+ Kd6
34. Kd4 Bb6+ 35. Kd3 Bf2 36. a5 Bg3 37. Ke3 e5 38. fxe5+ Bxe5 39. Kd3 g5 40. g4
f4 41. Ke4 Bf6 42. c5+ Kc6 43. Kd3 Kb5 44. Ke4 Kxb4 0-1

[Event "C.to provinciale VA"]
[Site "Gallarate ITA"]
[Date "2010.01.23"]
[Round "1"]
[White "Bertrecchi, Corrado"]
[Black "Tomassoni, Leonardo"]
[Result "0-1"]
[WhiteElo "1717"]
[BlackElo "1937"]
[PlyCount "68"]
[EventDate "2010.01.23"]

1. d4 Nf6 2. c3 e6 3. Bf4 d5 4. h3 c5 5. e3 a6 6. Nd2 Nc6 7. Ngf3 h6 8. Bd3 g5
9. Bh2 g4 10. hxg4 Nxg4 11. Bg3 Rg8 12. Be2 Nxe3 13. fxe3 Rxg3 14. O-O Qc7 15.
Qe1 Bd7 16. Ne5 Rxe3 17. Qf2 Nxe5 18. dxe5 Rxe2 19. Qxf7+ Kd8 20. Qxf8+ Be8 21.
Qxh6 Qxe5 22. Qh4+ Kc7 23. Qe7+ Kb6 24. Nf3 Qg3 25. Nh4 Bc6 26. b4 Qe3+ 27. Kh1
Rh8 28. bxc5+ Ka7 29. Rf3 Re1+ 30. Rf1 Rxa1 31. Rxa1 Qg3 32. Rf1 Rxh4+ 33. Kg1
Qe3+ 34. Rf2 Rf4 0-1

[Event "C.to provinciale VA"]
[Site "Gallarate ITA"]
[Date "2010.01.23"]
[Round "1"]
[White "Brioschi, Camillo"]
[Black "Schingaro, Angelo"]
[Result "1-0"]
[WhiteElo "1843"]
[BlackElo "1695"]
[PlyCount "83"]
[EventDate "2010.01.23"]

1. d4 Nf6 2. Nf3 d5 3. e3 c5 4. c3 Nc6 5. Bd3 Bg4 6. Nbd2 e6 7. h3 Bh5 8. O-O
cxd4 9. exd4 Bd6 10. Qc2 Rc8 11. Re1 Nb4 12. Qb1 Nxd3 13. Qxd3 Bg6 14. Qe2 O-O
15. Ne5 Re8 16. Nxg6 hxg6 17. Nf3 Ne4 18. Be3 a6 19. Nd2 Nxd2 20. Qxd2 b5 21.
a3 Qc7 22. Qd3 Qc4 23. Rad1 Rc6 24. Qb1 Qb3 25. Rd2 Rec8 26. g3 a5 27. Rde2 b4
28. axb4 axb4 29. Bd2 bxc3 30. bxc3 Rb6 31. Qxb3 Rxb3 32. Ra1 Rcb8 33. Be1 Ba3
34. Rc2 Rc8 35. Raa2 Rcb8 36. Kg2 Rb2 37. Rcxb2 Bxb2 38. Bd2 f5 39. h4 Rb3 40.
Ra8+ Kf7 41. Ra7+ Kf6 42. Bg5# 1-0

[Event "C.to provinciale VA"]
[Site "Gallarate ITA"]
[Date "2010.01.23"]
[Round "1"]
[White "Cardani, Roberto"]
[Black "D'Aulisa, Francesco"]
[Result "1-0"]
[WhiteElo "1965"]
[BlackElo "1749"]
[PlyCount "57"]
[EventDate "2010.01.23"]

1. e4 d6 2. d4 e6 3. Nc3 a6 4. Nf3 h6 5. Bc4 Nd7 6. a4 b6 7. O-O Ne7 8. Qe2 g5
9. Ne1 Ng6 10. g3 Rg8 11. Kh1 Bb7 12. d5 e5 13. Nd3 Nf6 14. f4 gxf4 15. gxf4
Nh4 16. Rg1 Rxg1+ 17. Kxg1 Bc8 18. f5 Nh7 19. Be3 Ng5 20. Rf1 Qf6 21. Ne1 Qg7
22. Kh1 Be7 23. Qh5 Nh3 24. Qxh6 Qg4 25. Qh8+ Kd7 26. Be2 Nf2+ 27. Bxf2 Qh3 28.
f6 Bxf6 29. Qxf6 1-0

[Event "C.to provinciale VA"]
[Site "Gallarate ITA"]
[Date "2010.01.23"]
[Round "1"]
[White "Cesarano, Marco"]
[Black "Torretta, Gilberto"]
[Result "1-0"]
[WhiteElo "1818"]
[BlackElo "1683"]
[PlyCount "97"]
[EventDate "2010.01.23"]

1. d4 Nf6 2. Nf3 c5 3. d5 d6 4. c4 g6 5. Nc3 Bg7 6. e4 O-O 7. Be2 Na6 8. O-O
Nc7 9. Bg5 a6 10. a4 h6 11. Bh4 Nxe4 12. Nxe4 f5 13. Nc3 f4 14. Bd3 g5 15. Bxg5
hxg5 16. Nxg5 Bf5 17. Bxf5 Rxf5 18. Qh5 Rf6 19. Nce4 e5 20. dxe6 Nxe6 21. Nxf6+
Qxf6 22. Nxe6 Qxe6 23. Qd5 Qxd5 24. cxd5 Kf7 25. Rfe1 Be5 26. Ra3 c4 27. Re2
Rb8 28. g3 b5 29. axb5 axb5 30. Ra7+ Kf6 31. Rc7 f3 32. Rd2 Ra8 33. h4 Ra1+ 34.
Kh2 Ra2 35. Rc2 c3 36. R7xc3 Bxc3 37. Rxc3 Rxb2 38. Rxf3+ Ke5 39. h5 Kxd5 40.
g4 Ke4 41. Rf8 Rc2 42. h6 b4 43. g5 b3 44. h7 b2 45. Rb8 Rxf2+ 46. Kg3 Rf3+ 47.
Kg2 Rf8 48. Rxb2 Kf5 49. Rf2+ 1-0

[Event "C.to provinciale VA"]
[Site "Gallarate ITA"]
[Date "2010.01.23"]
[Round "1"]
[White "Colusso, Ermes"]
[Black "Pepa, Syrja"]
[Result "0-1"]
[WhiteElo "1693"]
[BlackElo "1825"]
[PlyCount "62"]
[EventDate "2010.01.23"]

1. e4 c5 2. Nf3 Nc6 3. d4 cxd4 4. Nxd4 d6 5. Nc3 Nf6 6. Be2 a6 7. O-O e6 8. Be3
Be7 9. Kh1 O-O 10. Nb3 b5 11. a3 Bb7 12. f3 Qc7 13. Qe1 Ne5 14. Bg1 d5 15. Nd2
Rad8 16. f4 Ng6 17. e5 Ne4 18. Ndxe4 dxe4 19. Be3 Nh4 20. Qf2 Qc6 21. g4 Nf3
22. Bxf3 exf3 23. Rad1 Bh4 24. Qxh4 f2+ 25. Nd5 Qxc2 26. Qxf2 Rxd5 27. Rxd5
Bxd5+ 28. Kg1 Qe4 29. Qg3 Rc8 30. Re1 Rc2 31. Kf1 Qh1+ 0-1

[Event "C.to provinciale VA"]
[Site "Gallarate ITA"]
[Date "2010.01.23"]
[Round "1"]
[White "Mondini, Francesco"]
[Black "Cervini, Gian Piero"]
[Result "0-1"]
[WhiteElo "1504"]
[BlackElo "1792"]
[PlyCount "34"]
[EventDate "2010.01.23"]

1. e4 g6 2. d4 Bg7 3. Nc3 d6 4. Nf3 Nf6 5. h3 O-O 6. Be3 c6 7. Bd3 Nbd7 8. Ne2
e5 9. Nd2 d5 10. c3 Re8 11. O-O dxe4 12. Bc2 Nd5 13. Ng3 f5 14. f4 Nxe3 15.
Bb3+ Kh8 16. Qe2 Nxf1 17. Rxf1 exd4 0-1

[Event "C.to provinciale VA"]
[Site "Gallarate ITA"]
[Date "2010.01.23"]
[Round "1"]
[White "Musso, Roberto"]
[Black "Ambrosini, Andrea"]
[Result "1-0"]
[WhiteElo "1762"]
[BlackElo "1449"]
[PlyCount "75"]
[EventDate "2010.01.23"]

1. e4 e5 2. Nf3 Nc6 3. Bb5 a6 4. Ba4 Nf6 5. O-O b5 6. Bb3 h6 7. c3 d6 8. Re1
Bg4 9. d3 Be7 10. Nbd2 Nd7 11. Nf1 Na5 12. Bc2 h5 13. d4 h4 14. Ne3 Bh5 15. h3
g5 16. Nf5 Bf6 17. Qd3 g4 18. Nh2 gxh3 19. Qxh3 Nc6 20. Ng4 Bxg4 21. Qxg4 Ne7
22. Ng7+ Kf8 23. Nh5 Ng6 24. Re3 exd4 25. Rh3 dxc3 26. Nxf6 Nxf6 27. Qf3 Ne5
28. Qxc3 c5 29. Bg5 Rh5 30. f4 b4 31. Qe1 Ned7 32. Rxh4 Rxh4 33. Qxh4 Qe7 34.
Qh8+ Ng8 35. Bxe7+ Kxe7 36. Bb3 Nb6 37. Qh4+ f6 38. Qh7+ 1-0

[Event "C.to provinciale VA"]
[Site "Gallarate ITA"]
[Date "2010.01.23"]
[Round "1"]
[White "Novi', Giuseppe"]
[Black "Centofante, Maria Rosa"]
[Result "1-0"]
[WhiteElo "1798"]
[BlackElo "1568"]
[PlyCount "148"]
[EventDate "2010.01.23"]

1. e4 d5 2. exd5 Qxd5 3. Nc3 Qa5 4. Bc4 Nf6 5. Nge2 c6 6. O-O Bg4 7. Qe1 e6 8.
h3 Bh5 9. Nf4 Be7 10. Nxh5 Nxh5 11. d3 O-O 12. Bd2 Qc7 13. Qe2 Nf4 14. Qg4 Ng6
15. Ne4 Nd7 16. d4 Kh8 17. Qh5 Nf4 18. Qf3 Nd5 19. Bd3 N7f6 20. Ng3 Bd6 21. Nh5
Nxh5 22. Qxh5 f5 23. Rfe1 Rf6 24. a3 Qf7 25. Qxf7 Rxf7 26. Rxe6 Bf4 27. Be3
Raf8 28. Bxf4 Nxf4 29. Re3 Nd5 30. Rf3 f4 31. Re1 Rf6 32. Bc4 Nb6 33. Bb3 Nc8
34. d5 cxd5 35. Bxd5 b6 36. c4 h6 37. h4 Rd8 38. g4 g5 39. hxg5 hxg5 40. Rh3+
Kg7 41. Re5 Rg6 42. Rh5 Kf6 43. Rf5+ Ke7 44. Rhxg5 Rxg5 45. Rxg5 Rd6 46. Rg7+
Kf6 47. Rf7+ Kg5 48. f3 Rf6 49. Rc7 Rf8 50. Rb7 Rf6 51. Rc7 Rf8 52. Be6 Nd6 53.
Rxa7 Rf6 54. Bd5 Nc8 55. Ra8 Nd6 56. Rb8 b5 57. cxb5 Rh6 58. a4 Rh3 59. Kg2
Rg3+ 60. Kf2 Rh3 61. b3 Rh2+ 62. Kg1 Rd2 63. Be6 Rb2 64. a5 Rxb3 65. a6 Rb1+
66. Kf2 Rb2+ 67. Ke1 Ra2 68. Rd8 Nc4 69. Rd7 Nb6 70. Rb7 Nc8 71. Rf7 Nd6 72.
Rf8 Ne4 73. Rf5+ Kh4 74. Rxf4 Kg3 1-0

[Event "C.to provinciale VA"]
[Site "Gallarate ITA"]
[Date "2010.01.24"]
[Round "2"]
[White "Bardelli, Alberto"]
[Black "D'Aulisa, Francesco"]
[Result "1-0"]
[WhiteElo "1817"]
[BlackElo "1749"]
[PlyCount "91"]
[EventDate "2010.01.23"]

1. e4 d6 2. d4 e6 3. Nf3 h6 4. Bd3 a6 5. Nc3 Nd7 6. Be3 Ne7 7. O-O b6 8. Nd2 e5
9. f4 exd4 10. Bxd4 Nc6 11. Bf2 Bb7 12. Qe2 Be7 13. Nd5 Nf6 14. Nxe7 Qxe7 15.
c3 O-O 16. Rae1 Rfe8 17. Bh4 Qe6 18. e5 Qd5 19. Bxf6 gxf6 20. Qg4+ Kf8 21. exf6
Re6 22. Qg7+ Ke8 23. Qg8+ Kd7 24. Qxf7+ Ne7 25. Qxe6+ Qxe6 26. Rxe6 Kxe6 27.
fxe7 Kxe7 28. Be4 d5 29. Bf3 Rf8 30. g3 Kd6 31. Nc4+ Kc5 32. Ne5 Bc8 33. Rd1 c6
34. a4 Rg8 35. b4+ Kd6 36. c4 Be6 37. cxd5 cxd5 38. Nc4+ Kc6 39. Ne5+ Kd6 40.
Rc1 Rc8 41. Rxc8 Bxc8 42. Kf2 Be6 43. Ke3 Bf5 44. Nf7+ Ke6 45. Nxh6 Bc2 46. a5
1-0

[Event "C.to provinciale VA"]
[Site "Gallarate ITA"]
[Date "2010.01.24"]
[Round "2"]
[White "Centofante, Maria Rosa"]
[Black "Colusso, Ermes"]
[Result "0-1"]
[WhiteElo "1568"]
[BlackElo "1693"]
[PlyCount "52"]
[EventDate "2010.01.23"]

1. d4 Nf6 2. Nf3 c5 3. d5 e6 4. c4 exd5 5. cxd5 d6 6. Nc3 g6 7. e4 Bg7 8. Qc2
O-O 9. Be2 Re8 10. O-O a6 11. h3 b5 12. Bf4 b4 13. Na4 Nxe4 14. Bd3 Nf6 15. Bg5
Ra7 16. Rae1 Rae7 17. Rxe7 Rxe7 18. Qc4 Nbd7 19. b3 Bb7 20. Rd1 Ne5 21. Nxe5
Rxe5 22. Bb1 Rxg5 23. f4 Rxd5 24. Re1 Rd2 25. Qc1 Rxg2+ 26. Kf1 Nh5 0-1

[Event "C.to provinciale VA"]
[Site "Gallarate ITA"]
[Date "2010.01.24"]
[Round "2"]
[White "Cervini, Gian Piero"]
[Black "Cardani, Roberto"]
[Result "0-1"]
[WhiteElo "1792"]
[BlackElo "1965"]
[PlyCount "76"]
[EventDate "2010.01.23"]

1. e4 c5 2. c3 Nf6 3. e5 Nd5 4. Nf3 Nc6 5. Bc4 Nb6 6. Bb3 c4 7. Bc2 Qc7 8. Qe2
g5 9. e6 dxe6 10. Nxg5 Ne5 11. d4 cxd3 12. Bxd3 Nxd3+ 13. Qxd3 h6 14. Nf3 e5
15. Qb5+ Nd7 16. Be3 a6 17. Qb3 Bg7 18. Nbd2 b5 19. a4 Rb8 20. axb5 Rxb5 21.
Qc2 Nc5 22. O-O O-O 23. b4 Ne6 24. Ne4 Rxb4 25. Ng3 Rc4 26. Qf5 Nf4 27. Qb1
Rxc3 28. Nf5 Bxf5 29. Qxf5 a5 30. g3 Ne2+ 31. Kg2 Qc6 32. Kh3 e6 33. Qh5 f5 34.
Nxe5 Bxe5 35. Bxh6 Rf7 36. Qxe2 Rh7 37. f3 Rxh6+ 38. Kg2 Rc2 0-1

[Event "C.to provinciale VA"]
[Site "Gallarate ITA"]
[Date "2010.01.24"]
[Round "2"]
[White "Musso, Roberto"]
[Black "Novi', Giuseppe"]
[Result "0-1"]
[WhiteElo "1762"]
[BlackElo "1798"]
[PlyCount "108"]
[EventDate "2010.01.23"]

1. e4 c6 2. d4 d5 3. e5 Bf5 4. Nf3 Qc7 5. Bd3 Bxd3 6. Qxd3 e6 7. Bd2 Ne7 8. Nc3
Nf5 9. Ne2 c5 10. c3 Nc6 11. Rc1 Qb6 12. O-O Be7 13. Rb1 O-O 14. g4 Nh4 15.
Nxh4 Bxh4 16. f4 Be7 17. Rf3 f6 18. Rh3 f5 19. g5 g6 20. Be3 Qa5 21. a3 b6 22.
Qd1 Qa6 23. Rf3 Kf7 24. h4 Rh8 25. Ng3 h5 26. Nf1 Rhc8 27. Rc1 cxd4 28. Bxd4
Rc7 29. Bf2 Rac8 30. Qd3 Qb7 31. Kh2 Na5 32. Nd2 Nc4 33. Nxc4 Rxc4 34. b3 R4c6
35. a4 a6 36. Be3 b5 37. axb5 axb5 38. Bd4 b4 39. c4 dxc4 40. bxc4 Rd8 41. Qe3
b3 42. Bb2 Qb4 43. Kg3 Rb8 44. Rc3 Rxc4 45. Rxb3 Qxb3 46. Qxb3 Rxb3 47. Rxb3
Rb4 48. Rxb4 Bxb4 49. Kh3 Ke8 50. Bd4 Bd2 51. Kg3 Kd7 52. Bf2 Kc6 53. Kf3 Kd5
54. Be3 Be1 0-1

[Event "C.to provinciale VA"]
[Site "Gallarate ITA"]
[Date "2010.01.24"]
[Round "2"]
[White "Pepa, Syrja"]
[Black "Brioschi, Camillo"]
[Result "1-0"]
[WhiteElo "1825"]
[BlackElo "1843"]
[PlyCount "63"]
[EventDate "2010.01.23"]

1. d4 Nf6 2. c4 g6 3. Nc3 d5 4. e3 Bg7 5. Nf3 O-O 6. Be2 c6 7. O-O Nbd7 8. b3
Re8 9. Bb2 e6 10. Qc2 Qe7 11. a4 a5 12. Ba3 Qd8 13. Bd6 Bf8 14. Bxf8 Kxf8 15.
e4 dxe4 16. Nxe4 Qc7 17. c5 Nxe4 18. Qxe4 e5 19. Bc4 exd4 20. Qxd4 Ne5 21. Ng5
Kg8 22. Rfe1 Bd7 23. Ne4 Ng4 24. Nd6 Rf8 25. h3 Nh6 26. Re7 Qd8 27. Nxf7 Nxf7
28. Rxd7 Qg5 29. Re1 Qf5 30. Ree7 Rae8 31. Rxe8 Rxe8 32. Bxf7+ 1-0

[Event "C.to provinciale VA"]
[Site "Gallarate ITA"]
[Date "2010.01.24"]
[Round "2"]
[White "Schingaro, Angelo"]
[Black "Donghi, Fabio"]
[Result "1-0"]
[WhiteElo "1695"]
[BlackElo "1615"]
[PlyCount "79"]
[EventDate "2010.01.23"]

1. e4 e5 2. Nf3 Nc6 3. d4 exd4 4. Nxd4 Ne5 5. Be2 Nf6 6. f4 Nxe4 7. fxe5 Qh4+
8. g3 Nxg3 9. Nf3 Qh3 10. Rg1 Nxe2 11. Qxe2 b6 12. Rg3 Qh5 13. Qe4 Rb8 14. Qg4
Qxg4 15. Rxg4 d5 16. Rg1 g6 17. Be3 Bf5 18. c3 Be7 19. Nbd2 c6 20. O-O-O Rc8
21. Nd4 Bd7 22. Kb1 c5 23. N4f3 Bf5+ 24. Ka1 Rd8 25. Bg5 Bxg5 26. Rxg5 Ke7 27.
Re1 h6 28. Rgg1 Rhe8 29. h4 d4 30. cxd4 cxd4 31. Ne4 Bxe4 32. Rxe4 d3 33. Rd1
Rd5 34. Rc4 Red8 35. Rc7+ Ke8 36. Rxa7 d2 37. Rc7 Rd3 38. Rc3 Rxf3 39. Rxf3 Rc8
40. Kb1 1-0

[Event "C.to provinciale VA"]
[Site "Gallarate ITA"]
[Date "2010.01.24"]
[Round "2"]
[White "Tomassoni, Leonardo"]
[Black "Cesarano, Marco"]
[Result "0-1"]
[WhiteElo "1937"]
[BlackElo "1818"]
[PlyCount "84"]
[EventDate "2010.01.23"]

1. e4 c5 2. Nf3 d6 3. d4 cxd4 4. Nxd4 Nf6 5. Nc3 g6 6. Be2 Bg7 7. Be3 Nc6 8.
O-O O-O 9. Kh1 d5 10. exd5 Nb4 11. Bf3 Nfxd5 12. Nxd5 Nxd5 13. Bg5 Nb6 14. c3
Qc7 15. Qe2 Re8 16. Rfe1 a6 17. Rad1 e5 18. Qc2 Bd7 19. Nb3 Bf5 20. Be4 Be6 21.
g3 Nc4 22. Bd5 Bxd5+ 23. Rxd5 Qc6 24. Qe4 h6 25. Bc1 f5 26. Qg2 e4 27. Red1 Ne5
28. Rd6 Rad8 29. Rxd8 Rxd8 30. Rxd8+ Kh7 31. Nd4 Qb6 32. Re8 Nd3 33. Re6 Qa5
34. Be3 Qxa2 35. h4 Bxd4 36. Bxd4 Qxe6 37. b4 Ne1 38. Qf1 Nf3 39. c4 Nxd4 40.
Qa1 Qxc4 41. Kg2 Qd5 42. Kf1 e3 0-1

[Event "C.to provinciale VA"]
[Site "Gallarate ITA"]
[Date "2010.01.24"]
[Round "2"]
[White "Torretta, Gilberto"]
[Black "Mondini, Francesco"]
[Result "1-0"]
[WhiteElo "1683"]
[BlackElo "1504"]
[PlyCount "87"]
[EventDate "2010.01.23"]

1. e4 e5 2. Nf3 Nc6 3. Bb5 a6 4. Ba4 b5 5. Bb3 Nf6 6. O-O Bc5 7. c3 Nxe4 8. d4
exd4 9. cxd4 Be7 10. Ne5 Nxe5 11. Bd5 Nc6 12. Bxe4 d5 13. Bf3 O-O 14. Nc3 Be6
15. a3 Bf6 16. Be3 Ne7 17. Ne2 Ng6 18. g3 Re8 19. Nc1 Nf8 20. Nd3 Nd7 21. Rc1
Rc8 22. Nb4 Nb6 23. b3 Bh3 24. Re1 a5 25. Nc6 Qd7 26. Nxa5 Qf5 27. Nc6 Re4 28.
Bxe4 dxe4 29. Rc5 Nd5 30. Bf4 Bg4 31. Rxd5 Qxd5 32. Qxg4 Re8 33. Rc1 Qxb3 34.
Ne5 Qxa3 35. Rxc7 Qa1+ 36. Kg2 Qxd4 37. Nxf7 b4 38. Nh6+ Kh8 39. Nf5 Qb2 40.
Ne3 b3 41. Rc8 Rg8 42. Rxg8+ Kxg8 43. Qe6+ Kf8 44. Bd6+ 1-0

[Event "C.to provinciale VA"]
[Site "Gallarate ITA"]
[Date "2010.01.24"]
[Round "3"]
[White "Ambrosini, Andrea"]
[Black "Cervini, Gian Piero"]
[Result "1-0"]
[WhiteElo "1449"]
[BlackElo "1792"]
[PlyCount "65"]
[EventDate "2010.01.23"]

1. e4 g6 2. Nf3 Bg7 3. Bc4 e6 4. O-O d5 5. exd5 exd5 6. Re1+ Ne7 7. Bb3 O-O 8.
h3 Nbc6 9. d4 Nf5 10. c3 Be6 11. Bf4 Na5 12. Nbd2 b5 13. a3 Rb8 14. Rb1 Nc4 15.
Bc2 a5 16. Bd3 b4 17. axb4 axb4 18. Ng5 bxc3 19. bxc3 Nfd6 20. Rxb8 Qxb8 21.
Bxd6 cxd6 22. Nxe6 fxe6 23. Rxe6 Qb2 24. Bxc4 dxc4 25. Qe2 Qxc3 26. Nxc4 Bxd4
27. Ne3 Qc1+ 28. Qf1 Qc5 29. Qe2 Ra8 30. Ng4 Qc1+ 31. Kh2 Qf4+ 32. g3 Qf7 33.
Nh6+ 1-0

[Event "C.to provinciale VA"]
[Site "Gallarate ITA"]
[Date "2010.01.24"]
[Round "3"]
[White "Brioschi, Camillo"]
[Black "Bardelli, Alberto"]
[Result "1/2-1/2"]
[WhiteElo "1843"]
[BlackElo "1817"]
[PlyCount "77"]
[EventDate "2010.01.23"]

1. d4 Nf6 2. c4 g6 3. Nf3 Bg7 4. Nc3 d5 5. cxd5 Nxd5 6. Nxd5 Qxd5 7. e4 Qxe4+
8. Be3 O-O 9. Bd3 Qd5 10. h3 Nc6 11. Be2 Rd8 12. O-O Nxd4 13. Nxd4 Bxd4 14. Bf3
Qe5 15. Re1 Be6 16. Bxd4 Qxd4 17. Qc2 c6 18. Rad1 Qb6 19. b3 Rd6 20. Rxd6 exd6
21. Qc3 a5 22. Qf6 Re8 23. Bg4 Qb4 24. Re3 d5 25. Bxe6 fxe6 26. Rxe6 Rxe6 27.
Qxe6+ Kg7 28. Qe5+ Kf7 29. Qc7+ Kf6 30. Qd8+ Kf5 31. Qe8 b5 32. Qf7+ Kg5 33. g3
Qe1+ 34. Kh2 Qb4 35. Qg7 Qd2 36. h4+ Kf5 37. Qf7+ Ke5 38. Qg7+ Kf5 39. Qf7+
1/2-1/2

[Event "C.to provinciale VA"]
[Site "Gallarate ITA"]
[Date "2010.01.24"]
[Round "3"]
[White "Cardani, Roberto"]
[Black "Pepa, Syrja"]
[Result "1-0"]
[WhiteElo "1965"]
[BlackElo "1825"]
[PlyCount "120"]
[EventDate "2010.01.23"]

1. e4 c5 2. Nf3 Nc6 3. d4 cxd4 4. Nxd4 d6 5. Nc3 Nf6 6. Bg5 e6 7. Qd2 Be7 8.
O-O-O a6 9. f4 Bd7 10. Be2 Qc7 11. Kb1 O-O-O 12. Bf3 e5 13. Nb3 Be6 14. f5 Bxb3
15. cxb3 Kb8 16. Rc1 Qd7 17. Be3 Rc8 18. g4 h6 19. h4 h5 20. g5 Ng4 21. Bxg4
hxg4 22. Nd5 Bd8 23. Qg2 Ne7 24. Rxc8+ Nxc8 25. Qxg4 Qb5 26. Qd1 Bb6 27. Nxb6
Nxb6 28. Qxd6+ Ka7 29. Bf2 Rc8 30. Qxb6+ Qxb6 31. Bxb6+ Kxb6 32. h5 Rh8 33. Kc2
Kc5 34. Kd3 b5 35. h6 gxh6 36. gxh6 Kd6 37. h7 f6 38. Rh6 Ke7 39. Kc3 Kf7 40.
Kb4 Kg7 41. Rh1 Rxh7 42. Rxh7+ Kxh7 43. Ka5 Kh6 44. Kxa6 Kg5 45. a4 bxa4 46. b4
Kf4 47. b5 Kxe4 48. b6 Kf3 49. b7 e4 50. b8=Q e3 51. Ka5 e2 52. Qe8 Kf2 53.
Kxa4 e1=Q 54. Qxe1+ Kxe1 55. b4 Ke2 56. b5 Ke3 57. b6 Ke4 58. b7 Kxf5 59. b8=Q
Kg4 60. Kb3 f5 1-0

[Event "C.to provinciale VA"]
[Site "Gallarate ITA"]
[Date "2010.01.24"]
[Round "3"]
[White "Cesarano, Marco"]
[Black "Novi', Giuseppe"]
[Result "1-0"]
[WhiteElo "1818"]
[BlackElo "1798"]
[PlyCount "77"]
[EventDate "2010.01.23"]

1. d4 e6 2. Nf3 c5 3. e4 Qc7 4. Be2 Nf6 5. Nc3 cxd4 6. Nxd4 Bb4 7. Ndb5 Qc6 8.
Qd4 Bc5 9. Qd3 a6 10. Nd4 Qc7 11. Nb3 Be7 12. O-O Nc6 13. f4 O-O 14. Be3 b5 15.
Bf3 d6 16. Rad1 Bb7 17. g4 Nb4 18. Qe2 Rac8 19. a3 Nc6 20. g5 Nd7 21. Bg2 g6
22. Qg4 b4 23. axb4 Nxb4 24. Qe2 Nb6 25. Qf2 Nc4 26. Bc1 Rfd8 27. Kh1 d5 28.
exd5 Nxd5 29. Nxd5 Bxd5 30. Bxd5 Rxd5 31. Rxd5 exd5 32. f5 Nd6 33. fxg6 hxg6
34. Nd4 Bd8 35. Bf4 Qb6 36. Bxd6 f5 37. Be5 Bxg5 38. Qg3 Qd8 39. h4 1-0